000 00687nam a2200289Ia 4500
005 20260324151008.0
008 008 260324s9999 xx 000 0 eng d
020 _a9781315794471
037 _aEBOOK
040 _aCRL
040 _beng
040 _cCRL
041 _2eng
041 _aeng
084 _qCRL
100 _aLeon Trotsky
_9501499
245 4 _aThe Defence of Terrorism (Routledge Revivals)
245 0 _bTerrorism and Communism
260 _bTaylor and Francis
260 _c1921
365 _a
365 _b70.99
856 _uhttp://www.taylorfrancis.com/books/9781315794471
942 _cEBOOK
999 _c1838735
_d1838735